| 000 | 00826cam a2200265 a 4500 | ||
|---|---|---|---|
| 001 | 45667 | ||
| 003 | BD-RjUL | ||
| 005 | 20211209054042.0 | ||
| 008 | 160727s1979 enka b 001 0 eng | ||
| 020 | _z0714617376 (v. 1) : | ||
| 035 | _a(BD-RjUL)45785 | ||
| 040 |
_aDLC _cDLC _dDLC _dBD-RjUL _beng |
||
| 041 | _aeng | ||
| 082 | 0 | 0 |
_a297.0966 _223 _bSTU 1979 |
| 245 | 0 | 0 |
_aStudies in West African Islamic history / _cedited with an introd. by John Ralph Willis |
| 260 |
_aLondon : _bRoutledge, _cc1979 |
||
| 300 |
_aV. : _bill. ; _c24 cm. |
||
| 500 | _aIncludes indexes. | ||
| 504 | _aBibliography: v. 1, p. 304-307. | ||
| 505 | _aV.1-The Cultivators of Islam. --. V.2 -- | ||
| 650 | 0 |
_aIslam _zAfrica, West _xHistory. _9139771 |
|
| 700 | 1 |
_aWillis, John Ralph. _9139772 |
|
| 942 |
_2ddc _cBK |
||
| 999 |
_c45667 _d45667 |
||